00292pab a2200121 454500008004000000100001700040245005100057260000900108300000800117362001200125650002200137773001100159180718b1989 xxu||||| |||| 00| 0 eng d aPuri, Balraj aSikh Identity, Punjab identity and Akali unity c1989 a7-8 a11 Jun. aPunjab - Politics aJanata